00423nam a2200169 a 4500001001300000003000900013005001700022008004100039020002300080082001600103100002400119245002100143260003500164300000900199500003500208650001000243nice12345678IN_TiNIC20260116015334.0110420s2007 newa grp 000 0 eng  a9781597841238c70000a297.54bSEN aSentirk, Omer Faruk aCharity in Islam aNew Jersey, USA bLight c2007 a172p aincludes index and biblioraphy aZakat